000 00367nam a2200145Ia 4500
005 20250508051014.0
008 240331s9999 xx 000 0 und d
082 _bMAH
_a891
100 _aMahendran, K
245 0 _aThuyilum oru nal kalaiyum
260 _aTellippalai
_bSivan Kalvi Nilayam
_c1986
300 _aix, 134 p .,
500 _aA Novel in Tamil
942 _cL
999 _c4365
_d4365